PHP. Programujeme profesionálně /

Saved in:
Bibliographic Details
Main Authors: Castagnetto, Jesus (Author), Rawat, Harish (Author), Schumann, Sascha (Author), Scollo, Chris (Author), Veliath, Deepak (Author)
Format: Book
Language:Czech
Published: Brno : Computer Press, 2004
Edition:2.opr.a akt.vyd.
Subjects:
Tags: Add Tag
No Tags, Be the first to tag this record!

MARC

LEADER 00000nam a22000003a 4500
001 stu92001
005 20150617225622.0
008 041207s2004----xr------------------cze-d
020 |a 80-7226-310-2 
040 |a STU  |b slo 
041 0 |a cze 
044 |a xr 
080 |a 681.324.06 
080 |a 519.68 
084 |a B6210L  |2 INS 
084 |a C6140  |2 INS 
084 |a C6150  |2 INS 
084 |a D5020  |2 INS 
100 1 |a Castagnetto, Jesus  |4 aut 
245 1 |a PHP. Programujeme profesionálně /  |c Aut.:Castagnetto, Jesus a kol. 
250 |a 2.opr.a akt.vyd. 
260 |a Brno :  |b Computer Press,  |c 2004 
300 |a 656 s 
650 7 |a Preprocesor hypertextový  |2 stusub 
650 7 |a Internet-siete počítačové medzinárodné  |2 stusub 
650 7 |a Jazyk skriptovací  |2 stusub 
650 7 |a PHP-siete počítačové medzinárodné  |2 stusub 
650 7 |a hypertexty  |2 stusub 
650 7 |a internet  |2 stusub 
650 7 |a World Wide Web  |2 estusub 
650 7 |a WWW dokumenty  |2 stusub 
650 7 |a HTML  |2 stusub 
650 7 |a programovanie  |2 stusub 
650 7 |a programovacie jazyky  |2 stusub 
650 7 |a programovacie metódy  |2 stusub 
650 7 |a programové procesory  |2 stusub 
700 1 |a Rawat, Harish  |4 aut 
700 1 |a Schumann, Sascha  |4 aut 
700 1 |a Scollo, Chris  |4 aut 
700 1 |a Veliath, Deepak  |4 aut 
996 |b 284EK85488  |c E*85488  |l EE08  |s P  |a 0  |w stu92001_0002 
996 |b 284EK90882  |c E* 90882  |l EE01  |s A  |a 24  |w stu92001_0003